Java programming for Android developers for dummies / (Record no. 690)

MARC details
000 -LEADER
fixed length control field 02103cam a22003857i 4500
001 - CONTROL NUMBER
control field 19281061
003 - CONTROL NUMBER IDENTIFIER
control field OSt
005 - DATE AND TIME OF LATEST TRANSACTION
control field 20250420134821.0
008 - FIXED-LENGTH DATA ELEMENTS--GENERAL INFORMATION
fixed length control field 160920s2017 inua b 001 0 eng d
010 ## - LIBRARY OF CONGRESS CONTROL NUMBER
LC control number 2016954409
020 ## - INTERNATIONAL STANDARD BOOK NUMBER
International Standard Book Number 9781119301080
Qualifying information (paperback)
035 ## - SYSTEM CONTROL NUMBER
System control number (OCoLC)ocn962437319
040 ## - CATALOGING SOURCE
Original cataloging agency CCE
Language of cataloging eng
Transcribing agency KCST
Description conventions rda
042 ## - AUTHENTICATION CODE
Authentication code lccopycat
050 00 - LIBRARY OF CONGRESS CALL NUMBER
Classification number QA76.73.J38
Item number B874 2017
082 04 - DEWEY DECIMAL CLASSIFICATION NUMBER
Classification number 005.2762
Edition information 23
100 1# - MAIN ENTRY--PERSONAL NAME
Personal name Burd, Barry,
Relator term author.
9 (RLIN) 5341
245 10 - TITLE STATEMENT
Title Java programming for Android developers for dummies /
Statement of responsibility, etc. by Barry Burd.
250 ## - EDITION STATEMENT
Edition statement 2nd edition.
260 #1 - PUBLICATION, DISTRIBUTION, ETC.
Place of publication, distribution, etc. Hoboken, NJ :
Name of publisher, distributor, etc. For Dummies, a Wiley Brand,
Date of publication, distribution, etc. [2017]
300 ## - PHYSICAL DESCRIPTION
Extent xi, 437 pages :
Other physical details illustrations ;
Dimensions 24 cm.
490 1# - SERIES STATEMENT
Series statement For dummies
500 ## - GENERAL NOTE
General note Includes index.
505 0# - FORMATTED CONTENTS NOTE
Formatted contents note Getting started with Java programming for android developers. All about Java and Android -- Getting the tools that you need -- Creating and running an Android app -- Writing your own Java programs. An ode to code -- Java's building blocks -- Working with Java types -- Though these be methods, yet there is madness in't -- What Java does (and when) -- Working with the big picture: object-oriented programming. Why object-oriented programming is like selling cheese -- Saving time and money: reusing existing code -- Powering Android with Java code. The inside story -- Dealing with a bunch of things at a time -- An Android social media app -- Hungry burds: a simple Android game -- The part of tens. Ten ways to avoid mistakes -- Ten websites for developers.
520 ## - SUMMARY, ETC.
Summary, etc. "Master basic Java programming; created an Android program from start to finish; assemble and debug your own app"--Cover.
630 00 - SUBJECT ADDED ENTRY--UNIFORM TITLE
Uniform title Android (Electronic resource)
9 (RLIN) 1469
650 #0 - SUBJECT ADDED ENTRY--TOPICAL TERM
Topical term or geographic name entry element Application software
General subdivision Development.
9 (RLIN) 161
650 #0 - SUBJECT ADDED ENTRY--TOPICAL TERM
Topical term or geographic name entry element Java (Computer program language)
9 (RLIN) 436
650 #0 - SUBJECT ADDED ENTRY--TOPICAL TERM
Topical term or geographic name entry element Mobile computing.
9 (RLIN) 5342
650 #0 - SUBJECT ADDED ENTRY--TOPICAL TERM
Topical term or geographic name entry element Computers
General subdivision Software Development & Engineering
-- General.
9 (RLIN) 5343
650 #7 - SUBJECT ADDED ENTRY--TOPICAL TERM
Topical term or geographic name entry element Application software
General subdivision Development.
Source of heading or term fast
Authority record control number or standard number (OCoLC)fst00811707
9 (RLIN) 161
830 #0 - SERIES ADDED ENTRY--UNIFORM TITLE
Uniform title --For dummies.
9 (RLIN) 109
942 ## - ADDED ENTRY ELEMENTS (KOHA)
Koha item type Book
942 ## - ADDED ENTRY ELEMENTS (KOHA)
Source of classification or shelving scheme Dewey Decimal Classification
Holdings
Withdrawn status Lost status Source of classification or shelving scheme Damaged status Not for loan Home library Current library Date acquired Cost, normal purchase price Total checkouts Full call number Barcode Date last seen Cost, replacement price Price effective from Koha item type
    Dewey Decimal Classification     KCST Library KCST Library 13/10/2021 5.80   005.2762 Bu Ja 1000000875 13/10/2021 5.80 13/10/2021 Book
© 2025 KCST. All rights reserved